Spider-Man Movie Villains by Picture - Statistics

General Stats
  • This quiz has been taken 263 times
  • The average score is 10 of 12
Answer Stats
Picture Hint Answer % Correct
Spider-Man, Spider-Man: No Way Home Green Goblin
99%
Spider-Man 2, Spider-Man: No Way Home Doctor Octopus
98%
Spider-Man 3, Spider-Man: No Way Home Sandman
98%
Spider-Man 3 Venom
94%
The Amazing Spider-Man 2, Spider-Man: No Way Home Electro
90%
The Amazing Spider-Man, Spider-Man: No Way Home Lizard
86%
Spider-Man: Far From Home Mysterio
85%
Spider-Man: Homecoming Vulture
79%
The Amazing Spider-Man 2 Green Goblin
77%
The Amazing Spider-Man 2 Rhino
77%
Spider-Man 3 New Goblin
75%
Spider-Man: Homecoming Shocker
56%
No matching quizzes found
Score Distribution
Percent of People with Each Score
Percentile by Number Answered
Your Score History
You have not taken this quiz